| 000 | 00653nam a2200217 i 4500 | ||
|---|---|---|---|
| 001 | 7393 | ||
| 003 | ES-MaACL | ||
| 005 | 20230906145226.0 | ||
| 007 | t| | ||
| 008 | 901219s1988 xxuaf |||| | eng d | ||
| 020 | _a0-674-17929-3 | ||
| 080 | _a75.036 | ||
| 100 | 1 |
_aGolding, John. _957663 |
|
| 245 | 1 | 0 |
_aCubism _b: a history and an analysis 1907-1914 / _cJohn Golding. |
| 250 | _a3rd ed. | ||
| 260 |
_aCambridge, Massachusetts : _bBelknap Press of Harvard University, _c1988. |
||
| 300 |
_aXVI, 237 p., 108 p. de lám. ; _c24 cm. |
||
| 504 | _aBibliografía: p. 202-218. | ||
| 650 | 1 | 4 |
_aCubismo. _911470 |
| 852 |
_aES-MaACL _jL-14640 _z- enc. rust. |
||
| 999 |
_c7393 _d7393 |
||